Представление документа в формате RUSMARC

ПолеНазваниеЗначение
  Тип записи a
  Библиографический уровень m
001 Контрольный номер UONB/MAIN/62a8a0a528a948f7855788ea6f4638cf
005 Дата корректировки 20260428134123.3
100 Данные общей обработки __
a Данные общей обработки 20260428 1995 u y0rusy0189 ca
101 Язык документа 0_
a Язык текста rus
102 Страна публикации __
a Страна публикации RU
200 Заглавие и сведения об ответственности 1_
a Заглавие № 43
203 Вид содержания и тип средства __
a Вид содержания Текст
b Характеристика содержания визуальный
c Тип средства непосредственный
210 Выходные данные 1_
d Дата издания 1995
461 Уровень набора _0
1 001UONB/MAIN/f08ee373b08748e18c1e7e666f7b106f
1 2001
a Дайджест рекламы
e сборник коммерческой информации
f учредитель Издательско-информационный центр "Телер"
v № 43
1 2101
a Москва
d 1991-
1 326
a Еженед.
801 Источник записи _0
a Страна RU
b Организация Ульяновская ОНБ
c Дата составления 20260428
g Правила каталогизации RCR
801 Источник записи _1
a Страна RU
b Организация Ульяновская ОНБ
c Дата составления 20260428
g Правила каталогизации RCR
901 Тип документа __
t Тип документа s
w Контрольный № источника UONB/MAIN/f08ee373b08748e18c1e7e666f7b106f
909 Создатель записи __
a Создатель записи Богданова
b Дата создания записи 20260428